|
|
|
|
| LEADER |
01335nam a2200325 a 4500 |
| 001 |
16986828 |
| 008 |
120716r20112010nyub b 001 0 eng |
| 010 |
|
|
|a 2011500613
|
| 020 |
|
|
|a 9780812979206 (pbk.)
|
| 040 |
|
|
|a DLC
|c DLC
|d DLC
|d BD-DhAAL
|
| 042 |
|
|
|a pcc
|
| 043 |
|
|
|a i------
|a n-us---
|
| 050 |
0 |
0 |
|a DS341.3.U6
|b K37 2011
|
| 082 |
0 |
0 |
|a 327.730182/4
|2 23
|
| 100 |
1 |
|
|a Kaplan, Robert D.,
|d 1952-
|
| 245 |
1 |
0 |
|a Monsoon :
|b the Indian Ocean and the future of American power /
|c Robert D. Kaplan.
|
| 250 |
|
|
|a Random House trade pbk. ed.
|
| 260 |
|
|
|a New York :
|b Random House Trade Paperbacks,
|c 2011.
|
| 300 |
|
|
|a xvi, 374 p. :
|b maps ;
|c 21 cm.
|
| 500 |
|
|
|a Originally published: 2010.
|
| 500 |
|
|
|a "With a new afterword by the author"--Cover.
|
| 541 |
|
|
|e 00025613
|
| 651 |
|
0 |
|a United States
|x Foreign relations
|z Indian Ocean Region.
|
| 651 |
|
0 |
|a Indian Ocean Region
|x Foreign relations
|z United States.
|
| 651 |
|
0 |
|a Indian Ocean Region
|x Strategic aspects.
|
| 650 |
|
0 |
|a National security
|z United States.
|
| 650 |
|
0 |
|a National security
|z Indian Ocean Region.
|
| 852 |
1 |
|
|a Ayesha Abed Library
|c General shelf.
|
| 999 |
|
|
|c 12552
|d 12552
|
| 952 |
|
|
|0 0
|1 0
|2 ddc
|4 0
|6 327_730182400000000_KAP
|7 0
|9 20720
|a IGS
|b IGS
|c GEN
|d 2012-07-16
|e RIZA Enterprise
|g 1530.00
|l 1
|m 3
|o 327.7301824 KAP
|p 3010025613
|r 2014-06-09
|s 2012-12-31
|t 1
|w 2012-07-16
|y BK
|